000 00216nam a22000857a 4500
008 160817b xxu||||| |||| 00| 0 eng d
100 _9152
_aGammel L
245 _aThe Gujjar
260 _aNew Delhi
_bChildren Book Trust
_c2011
999 _c2810
_d2810